Prénoms garçons 2023 - Statistiques

Statistiques générales
  • Ce quiz a été pris 5 072 fois
    3 226 depuis la dernière actualisation
  • Le résultat moyen est 31 sur 100
Statistiques - réponses
Hint Lettre Prénoms % Correct
1 L Léo
87%
5 L Louis
75%
2 G Gabriel
74%
18 L Lucas
69%
29 T Théo
64%
73 N Noa
63%
15 P Paul
63%
3 R Raphaël
62%
16 J Jules
61%
4 A Arthur
56%
17 H Hugo
56%
28 M Mathis
56%
14 N Nathan
56%
35 V Valentin
56%
40 A Antoine
53%
84 T Thomas
51%
26 T Tom
51%
86 A Alexandre
50%
44 E Enzo
49%
74 M Maxime
49%
25 V Victor
49%
47 M Maé
46%
52 M Mathéo
46%
23 N Noé
46%
20 E Ethan
44%
9 N Noah
43%
7 S Sacha
43%
27 L Léon
41%
32 T Timéo
41%
80 B Baptiste
39%
53 C Clément
39%
51 E Elio
39%
22 G Gabin
39%
33 M Martin
38%
94 M Mattéo
38%
48 S Samuel
38%
24 L Liam
37%
34 N Nolan
37%
6 A Adam
36%
8 M Maël
36%
39 S Simon
36%
69 C Charles
35%
79 M Mohamed
35%
93 K Kylian
33%
49 M Maxence
33%
60 E Evan
31%
31 G Gaspard
31%
70 O Oscar
30%
95 R Rayan
29%
37 R Robin
29%
12 M Malo
27%
50 N Nino
27%
88 C Camille
25%
42 E Eliott
25%
19 A Aaron
24%
77 C Charlie
24%
30 M Milo
24%
85 R Roméo
23%
11 E Eden
22%
21 M Marius
22%
92 N Naël
22%
59 T Timothée
21%
36 A Augustin
20%
62 N Noam
20%
13 I Isaac
19%
38 L Léandre
19%
56 L Lenny
18%
10 M Marceau
18%
41 T Tiago
18%
66 M Milan
17%
91 S Soan
17%
55 C Charly
16%
63 M Mathys
16%
61 B Basile
15%
54 J Joseph
15%
71 M Marin
15%
87 P Pablo
15%
75 A Andréa
14%
58 A Auguste
14%
100 K Kaïs
14%
99 O Owen
14%
46 C Côme
13%
76 L Louka
13%
81 M Mahé
12%
67 S Sohan
12%
65 A Alessio
11%
45 L Livio
11%
57 L Lyam
11%
98 N Nathanaël
11%
68 R Ruben
11%
64 A Amir
10%
43 A Ayden
10%
78 A Amaury
9%
83 E Ezio
8%
97 Z Zayn
8%
90 K Kayden
7%
96 M Malone
6%
72 N Nathaël
6%
82 I Ilyan
5%
89 S Stanislas
4%
Aucun quiz correspondant
Distribution des résultats
% des personnes avec chaque résultat
Percentile par nombre de réponses
Votre historique - résultats
Vous n’avez pas pris ce quiz depuis la dernière actualisation